书目信息 |
| 题名: |
考研·法语二外全真模拟试题与精解
|
|
| 作者: | 王静 编著 | |
| 分册: | ||
| 出版信息: | 北京 外语教学与研究出版社 2009.04 |
|
| 页数: | 141页 | |
| 开本: | 26cm | |
| 丛书名: | ||
| 单 册: | ||
| 中图分类: | H329.6 | |
| 科图分类: | ||
| 主题词: | 法语--fa yu--研究生--入学考试--试题 | |
| 电子资源: | ||
| ISBN: | 978-7-5600-8258-5 | |
| 000 | 00728nam0 2200241 450 | |
| 001 | yy0000002531 | |
| 005 | 20110711155230.60 | |
| 010 | @a978-7-5600-8258-5@dCNY23.90 | |
| 100 | @a20090715d2009 em y0chiy50 ea | |
| 101 | 0 | @achi@afre |
| 102 | @aCN@b110000 | |
| 105 | @ay q 000yy | |
| 106 | @ar | |
| 200 | 1 | @a考研·法语二外全真模拟试题与精解@Akao yan fa yu er wai quan zhen mo ni shi ti yu jing jie@f王静编著 |
| 210 | @a北京@c外语教学与研究出版社@d2009.04 | |
| 215 | @a141页@d26cm | |
| 330 | @a本书包括十五套模拟题,并有参考答案及解析。 | |
| 586 | @a | |
| 606 | 0 | @a法语@Afa yu@x研究生@x入学考试@j试题 |
| 690 | @aH329.6@v5 | |
| 701 | 0 | @a王静@Awang jing@4编著 |
| 801 | 0 | @aCN@c20110610 |
| 905 | @dH329.6@eW232@f3 | |
| 考研·法语二外全真模拟试题与精解/王静编著.-北京:外语教学与研究出版社,2009.04 |
| 141页;26cm |
| ISBN 978-7-5600-8258-5:CNY23.90 |
| 本书包括十五套模拟题,并有参考答案及解析。 |
| ● |
| 相关链接 |
|
|
|
正题名:考研·法语二外全真模拟试题与精解
索取号:H329.6/W232
 
预约/预借
| 序号 | 登录号 | 条形码 | 馆藏地/架位号 | 状态 | 备注 |
| 1 | 882171 | 208821710 | 语言库209/209语言库 117排1列3层/ [索取号:H329.6/W232] | 在馆 | |
| 2 | 882172 | 208821729 | 语言库209/209语言库 117排1列3层/ [索取号:H329.6/W232] | 在馆 | |
| 3 | 882173 | 208821738 | 语言库209/209语言库 117排1列3层/ [索取号:H329.6/W232] | 在馆 |